| 000 | 00663nam a2200205Ia 4500 | ||
|---|---|---|---|
| 003 | OSt | ||
| 005 | 20250217145110.0 | ||
| 008 | 210210b1993 xxu||||| |||| 00| 0 eng d | ||
| 040 | _cAL | ||
| 041 | _aKannada | ||
| 082 | _aK894.109 AKAK | ||
| 100 |
_aAKABARA ALI (M) _dಅಕಬರ ಅಲಿ (ಎಂ ) _9200309 |
||
| 245 |
_aKannada kavyadhyayana. _bಕನ್ನಡ ಕಾವ್ಯಾಧ್ಯಯನ |
||
| 260 |
_aAnkola _bShri Raghavendra Prakashana _c1993 |
||
| 300 | _aviii,162 | ||
| 650 |
_aMasti Pakshikashi Pu Ti Na Havadigara Huduga Manukulada Hadu Kanavi _9200310 |
||
| 690 |
_aKannada Poetry Criticism _9200311 |
||
| 906 | _a052475 | ||
| 942 |
_2ddc _cBK |
||
| 999 |
_c101099 _d101099 |
||